[Event "It"]
[Site "masterchessopen.com Semmering (Austria)"]
[Round "0"]
[White "Keres Paul (EST)"]
[Black "Reshevsky Samuel H (USA)"]
[Result "0-1"]
[WhiteElo "2580"]
[BlackElo "2430"]

1.Nf3 d5 2.d4 Nf6 3.c4 dxc4 4.e3 e6 5.Bxc4 c5 6.O-O a6 7.Qe2 b5 8.Bb3 Bb7
9.Rd1 Nbd7 10.a4 b4 11.Nbd2 Qc7 12.Nc4 Be7 13.Nfe5 O-O 14.Bd2 Rac8 15.Rac1
Rfd8 16.a5 Bd5 17.Nxd7 Nxd7 18.e4 Bxc4 19.Bxc4 Qxa5 20.Ra1 Qc7 21.dxc5 a5
22.Be3 Nxc5 23.Bxc5 Bxc5 24.b3 Bd4 25.Rac1 a4 26.bxa4 b3 27.g3 b2 28.Rc2 Bxf2+
29.Kg2 Bd4 30.Bb3 Bc3 31.Rf1 Qb7 32.Ba2 Rd4 33.Rf3 Rxa4 34.Bb1 Rxe4 35.Qd3 Rd4
36.Qe3 Rdc4 37.Kh3 Bd4 38.Qd3 Rxc2 39.Bxc2 Rxc2 40.Qxd4 Rc8 41.Rd3 h6 {#R} 0-1

[Event "It"]
[Site "masterchessopen.com Oldenburg (Germany)"]
[Date "1949.06.25"]
[Round "9"]
[White "Heemsoth Hermann"]
[Black "Wade Robert G (ENG)"]
[Result "0-1"]
[WhiteElo "2286"]
[BlackElo "2148"]

1.c4 c6 2.Nf3 d5 3.d4 Nf6 4.e3 e6 5.Bd3 dxc4 6.Bxc4 c5 7.O-O a6 8.Qe2 b5 9.Bb3
Bb7 10.Rd1 Nbd7 11.Nc3 Be7 12.d5 exd5 13.Bxd5 Bxd5 14.Nxd5 Nxd5 15.Rxd5 Qc7
16.e4 O-O 17.Bf4 Qxf4 18.Rxd7 Bf6 19.Rd5 c4 20.Rad1 g6 21.g3 Qg4 22.Kg2 Rae8
23.e5 Re7 24.R1d4 Qc8 25.Qd2 Bg7 26.h4 Qc6 27.Rd6 Qb7 28.Rd7 Rxd7 29.Rxd7 Qe4
30.Qd6 Re8 31.Qxa6 Rxe5 32.Rd4 Re6 33.Qc8+ Re8 34.Rd8 Rxd8 35.Qxd8+ Bf8 36.a3
Qc6 37.Qb8 Qd5 38.Qe8 h6 39.Qb8 Qc6 40.g4 Qe6 41.Kg3 h5 42.gxh5 gxh5 43.Kg2
{#R} 0-1

[Event "It"]
[Site "masterchessopen.com San Rafael (Uruguay)"]
[Round "0"]
[White "Eliskases Erich G (AUT)"]
[Black "Muniz Pardino Alberto (ESP)"]
[Result "1-0"]
[WhiteElo "2430"]
[BlackElo "2107"]

1.d4 d5 2.Nf3 Nf6 3.c4 dxc4 4.e3 e6 5.Bxc4 c5 6.O-O a6 7.Qe2 b5 8.Bb3 Bb7 9.a4
Nbd7 10.Bc2 Be7 11.dxc5 Bxc5 12.Nbd2 O-O 13.Bd3 Qc7 14.axb5 axb5 15.Rxa8 Rxa8
16.Bxb5 Bd6 17.h3 Nb6 18.Rd1 h6 19.Nd4 Rc8 20.Nf1 Bd5 21.Bd2 e5 22.Nf5 Bf8
23.N5g3 Qb7 24.Ba6 Qa8 25.Bxc8 Nxc8 26.f3 Nd6 27.Bb4 Qa2 28.e4 Bc4 29.Qd2 Bxf1
30.Bxd6 {#r} 1-0

[Event "Ch Argentina"]
[Site "masterchessopen.com Buenos Aires (Argentina)"]
[Round "9"]
[White "Incutto Carlos"]
[Black "Bartis Gustavo (ARG)"]
[Result "0-1"]
[WhiteElo "2200"]
[BlackElo "2250"]

1.d4 d5 2.c4 dxc4 3.Nf3 Nf6 4.e3 e6 5.Bxc4 c5 6.O-O a6 7.Qe2 b5 8.Bb3 Bb7
9.Rd1 Nbd7 10.a4 b4 11.Nbd2 Be7 12.Nc4 Qc7 13.Bd2 O-O 14.Rac1 Rac8 15.Nce5 Qb6
16.Nc4 Qa7 17.Be1 Nb6 18.Nfe5 Nxc4 19.Bxc4 Qa8 20.f3 cxd4 21.exd4 Nd5 22.Bxd5
Bxd5 23.Nd7 Rxc1 24.Rxc1 Rd8 25.Nb6 Qb7 26.Nxd5 Qxd5 27.Bf2 Bf6 28.Qc4 b3
29.Qxd5 Rxd5 30.Rc8+ Rd8 31.Rxd8+ Bxd8 32.Be3 Ba5 33.Kf1 Bc3 34.Bc1 Bxd4
35.Ke2 e5 36.Kd3 f5 37.h3 Bf2 38.Ke2 Bd4 39.Kd3 Bf2 40.Ke2 Bb6 41.Kd3 Kf7
42.Kc4 e4 43.fxe4 fxe4 44.Bd2 Bf2 45.Ba5 Ke6 46.Kxb3 e3 47.Bb6 Kd5 48.Kc2 Ke4
49.a5 Bg3 {#R} 0-1

[Event "Ch URS (1/2 final)"]
[Site "masterchessopen.com Gorky (Russia)"]
[Round "14"]
[White "Vladimirov Boris T (RUS)"]
[Black "Veltmander Ioganess"]
[Result "0-1"]
[WhiteElo "2340"]
[BlackElo "2200"]

1.d4 d5 2.c4 dxc4 3.Nf3 Nf6 4.e3 e6 5.Bxc4 a6 6.O-O c5 7.Qe2 b5 8.Bb3 Bb7
9.Rd1 Nbd7 10.e4 cxd4 11.e5 Nd5 12.Rxd4 Qc7 13.Bd2 Bc5 14.Rg4 Ne7 15.Nc3 Ng6
16.Ne4 Rc8 17.Rc1 Qb6 18.Nd6+ Bxd6 19.Rxc8+ Bxc8 20.exd6 O-O 21.Bc3 Bb7 22.h4
Bxf3 23.Qxf3 Nde5 24.Qg3 Nxg4 25.Qxg4 Qxd6 26.h5 Qf4 27.Qe2 Ne7 28.Bd2 Qf5
29.h6 gxh6 30.Bb4 Qg5 31.Qe4 Rd8 32.Qb7 Nd5 33.Ba5 Qc1+ 34.Kh2 Rc8 35.Bc3 Qf4+
36.Kg1 Rb8 37.Qxa6 Nxc3 38.bxc3 Qc1+ 39.Kh2 Qxc3 40.Qd6 {#R} 0-1

[Event "It"]
[Site "masterchessopen.com Marianske Lazne (Czech Republic)"]
[Round "7"]
[White "Szilagyi Gyorgy (HUN)"]
[Black "Uhlmann Wolfgang (GER)"]
[Result "1-0"]
[WhiteElo "2370"]
[BlackElo "2379"]

1.d4 d5 2.Nf3 Nf6 3.c4 dxc4 4.e3 e6 5.Bxc4 c5 6.O-O a6 7.Qe2 b5 8.Bb3 Bb7
9.Rd1 Nbd7 10.a4 Be7 11.Nbd2 Qb6 12.axb5 axb5 13.Rxa8+ Bxa8 14.Bc2 O-O 15.dxc5
Nxc5 16.Nd4 Rb8 17.e4 e5 18.Nf5 Bf8 19.Ng3 Rd8 20.Re1 Ne6 21.Nb3 Nf4 22.Qf1
Qc6 23.Rd1 Rb8 24.Bb1 Qe6 25.Nd2 Bc5 26.h3 Bc6 27.Kh2 b4 28.Nc4 b3 29.Be3 Bb4
30.Na3 h5 31.f3 g6 32.Qf2 Nd7 33.Ne2 Nxe2 34.Qxe2 Nb6 35.Nb5 Nc4 36.Nc7 Qc8
37.Qxc4 Qxc7 38.Rc1 Ba3 39.bxa3 b2 40.Rc2 Qa5 {#r} 1-0

[Event "Ch URS"]
[Site "masterchessopen.com Riga (Latvia)"]
[Round "13"]
[White "Furman Semen (RUS)"]
[Black "Bannik Anatoly (GER)"]
[Result "0-1"]
[WhiteElo "2550"]
[BlackElo "2175"]

1.d4 d5 2.c4 dxc4 3.Nf3 Nf6 4.e3 e6 5.Bxc4 c5 6.O-O a6 7.Qe2 b5 8.Bb3 Bb7
9.Nc3 cxd4 10.exd4 Be7 11.Ne5 O-O 12.Nxf7 Rxf7 13.Qxe6 Qf8 14.Re1 Nc6 15.Bf4
Rd8 16.Rad1 Bd6 17.Qf5 Ne7 18.Bxd6 Nxf5 19.Bxf8 Kxf8 20.Bxf7 Kxf7 21.d5 h6
22.Re5 Nd6 23.f3 b4 24.Na4 Nc4 25.Re2 Nxd5 26.b3 Na3 27.Nc5 Bc6 28.Red2 a5
29.Nd3 Re8 30.f4 Nc3 31.Rf1 Bb5 32.Rf3 Kg8 33.h4 Rd8 34.f5 Nab1 35.Rdf2 Rxd3
36.Rf4 Rd2 37.Rxd2 Nxd2 {#R} 0-1

[Event "Ch Argentina (juniors) (under 20)"]
[Site "masterchessopen.com Azul (Argentina)"]
[Round "0"]
[White "Cuasnicu Oscar (ARG)"]
[Black "Gonzalez Carlos (CUB)"]
[Result "1-0"]
[WhiteElo "2375"]
[BlackElo "2054"]

1.d4 d5 2.c4 dxc4 3.Nf3 Nf6 4.e3 e6 5.Bxc4 c5 6.O-O a6 7.Qe2 b5 8.Bb3 Bb7
9.Rd1 Nbd7 10.Nc3 Qc7 11.e4 c4 12.Bc2 Be7 13.d5 e5 14.Bg5 O-O 15.Qd2 Bd6
16.Nh4 g6 17.Bh6 Ng4 18.Bxf8 Rxf8 19.h3 Ngf6 20.Qg5 Nh5 21.Nf5 f6 22.Qh6 Rf7
23.Nxd6 Qxd6 24.Ne2 Qf8 25.Qxf8+ Kxf8 26.Ng3 Nf4 27.b3 c3 28.Kf1 a5 29.Ne2 Ba6
30.Nxf4 exf4 31.f3 Ne5 32.Rd4 Rd7 33.Rad1 Ke7 34.Kf2 Kd6 35.g3 g5 36.gxf4 gxf4
37.a3 Rg7 38.Bd3 Kc5 39.b4+ axb4 40.axb4+ Kxd4 41.Bxb5+ Nd3+ 42.Rxd3+ Ke5
43.Bxa6 {#r} 1-0

[Event "Olympiad (students) (team)"]
[Site "masterchessopen.com Helsinki (Finland)"]
[Round "3"]
[White "Liptay Laszlo (HUN)"]
[Black "Lund Per (DEN)"]
[Result "1-0"]
[WhiteElo "2335"]
[BlackElo "2015"]

1.d4 d5 2.Nf3 Nf6 3.c4 dxc4 4.e3 e6 5.Bxc4 c5 6.O-O a6 7.Qe2 b5 8.Bb3 Bb7 9.a4
Nbd7 10.Bc2 Bd6 11.dxc5 Bxc5 12.e4 Qb8 13.Nbd2 O-O 14.e5 Ng4 15.axb5 Ngxe5
16.Nxe5 Nxe5 17.bxa6 Bc6 18.Nc4 Qb5 19.Ba4 Qxc4 20.Qxc4 Nxc4 21.Bxc6 Ra7
22.Ra4 Ne5 23.Bb7 Nd3 24.Rc4 Rb8 25.b4 Nxb4 26.Rxc5 {#r} 1-0

[Event "Ch Ukraine"]
[Site "masterchessopen.com Kiev (Ukraine)"]
[Round "3"]
[White "Rotstein Efim (GER)"]
[Black "Rostovtsev Yuri (ISR)"]
[Result "1-0"]
[WhiteElo "2341"]
[BlackElo "2303"]

1.d4 d5 2.c4 dxc4 3.Nf3 Nf6 4.e3 e6 5.Bxc4 a6 6.O-O c5 7.Qe2 b5 8.Bb3 Bb7
9.Rd1 Nbd7 10.Nc3 Bd6 11.e4 cxd4 12.Nxd4 Qb8 13.h3 b4 14.Nb1 Nxe4 15.Nd2 Ndf6
16.Nxe4 Bxe4 17.Bg5 Bh2+ 18.Kh1 Qe5 19.Nf3 Bxf3 20.Qxf3 Ne4 21.Ba4+ Kf8 22.Re1
Nxf2+ 23.Qxf2 Qxg5 24.Kxh2 Ke7 25.Qd4 Qa5 26.Qd7+ Kf8 27.Rxe6 fxe6 28.Rf1+ Qf5
29.Rxf5+ exf5 30.Bb3 {#r} 1-0

[Event "It"]
[Site "masterchessopen.com Belgrade (Yugoslavia)"]
[Round "0"]
[White "Foguelman Alberto (ARG)"]
[Black "Maric Rudolf (YUG)"]
[Result "0-1"]
[WhiteElo "2310"]
[BlackElo "2450"]

1.d4 d5 2.c4 dxc4 3.Nf3 Nf6 4.e3 e6 5.Bxc4 c5 6.O-O a6 7.Qe2 b5 8.Bb3 Bb7
9.Rd1 Nbd7 10.a4 b4 11.e4 cxd4 12.Nxd4 Qc7 13.f3 Bd6 14.g3 O-O 15.Be3 Nc5
16.Nd2 Nxb3 17.N4xb3 Rac8 18.Rac1 Qb8 19.Nc4 Bc7 20.Nc5 Rfd8 21.b3 Rxd1+
22.Rxd1 a5 23.Nxb7 Qxb7 24.Rd3 Qc6 25.Qd2 h6 26.g4 Nh7 27.Bf4 Nf8 28.Bxc7 Qxc7
29.Rd6 Ng6 30.e5 Qc5+ 31.Qd4 Nxe5 32.Rd8+ Kh7 33.Nd2 Qc1+ 34.Kg2 Rxd8 35.Qxd8
Qe1 36.Qd4 Ng6 37.Qf2 Nf4+ 38.Kg3 Ne2+ 39.Kg2 Qxd2 {#R} 0-1

[Event "It"]
[Site "masterchessopen.com Bucharest (Romania)"]
[Round "0"]
[White "Thorbergsson Freysteinn (ISL)"]
[Black "Drozd Ryszard (POL)"]
[Result "1-0"]
[WhiteElo "2340"]
[BlackElo "2249"]

1.d4 d5 2.c4 dxc4 3.Nf3 a6 4.e3 Nf6 5.Bxc4 e6 6.O-O c5 7.Qe2 b5 8.Bb3 Bb7
9.Rd1 Nbd7 10.Nc3 Qb8 11.h3 Bd6 12.e4 cxd4 13.Rxd4 Bc5 14.Rd1 b4 15.Na4 Nxe4
16.Nxc5 Ndxc5 17.Bc2 O-O 18.Ng5 Nxg5 19.Bxg5 Rc8 20.Rd4 f5 21.Rad1 Ne4 22.Rd8+
Rxd8 23.Bxd8 Qxd8 24.Rxd8+ Rxd8 25.Bb3 Rd6 26.f3 Nc5 27.Qe5 Rc6 28.Bd5 Nd3
29.Qb8+ {#r} 1-0

[Event "Tournament (candidates)"]
[Site "masterchessopen.com Curasao (Netherlands)"]
[Round "8"]
[White "Filip Miroslav (CZE)"]
[Black "Keres Paul (EST)"]
[Result "0-1"]
[WhiteElo "2465"]
[BlackElo "2580"]

1.Nf3 d5 2.c4 dxc4 3.e3 Nf6 4.Bxc4 e6 5.O-O c5 6.d4 a6 7.Qe2 b5 8.Bb3 Bb7
9.Rd1 Nbd7 10.Nc3 b4 11.Nb1 Be7 12.Nbd2 O-O 13.Nc4 Qc7 14.Bd2 a5 15.Nce5 Nxe5
16.Nxe5 Bd6 17.f4 a4 18.Bc4 Rfd8 19.Kh1 ( { ? } 19.Be1 Ne4 20.Rac1 Qb6 )
19...Be4 20.Rac1 Qb6 21.dxc5 Bxc5 22.Nd3 Be7 23.Nf2 Bb7 24.Nd3 ( 24.e4 Bc5
25.Be1 Be3 ) 24...Rac8 25.Ne5 Be4 26.Bd3 Bxd3 27.Nxd3 Rxc1 28.Bxc1 Ne4 29.Kg1
Qb5 30.Kf1 Qc4 31.Ne1 ( 31.a3 bxa3 32.bxa3 Nc3 33.Qc2 Bxa3 { ! } 34.Bxa3 Nxd1
) 31...Qxa2 32.Rxd8+ Bxd8 33.Qd3 Qd5 34.Qxd5 exd5 35.Nc2 ( 35.Ke2 Bf6 36.Nd3
b3 { ??+ } ) 35...Be7 36.Ke2 Bc5 37.Bd2 b3 {#R} 0-1

[Event "Ch \"]
[Site "masterchessopen.com URS"]
[Round "10"]
[White "Bannik Anatoly (GER)"]
[Black "Suetin Alexei S (RUS)"]
[Result "1-0"]
[WhiteElo "2175"]
[BlackElo "2327"]

1.d4 d5 2.Nf3 Nf6 3.c4 dxc4 4.e3 e6 5.Bxc4 c5 6.O-O a6 7.Qe2 b5 8.Bb3 Bb7
9.Rd1 Nbd7 10.Nc3 Qb8 11.h3 Bd6 12.e4 cxd4 13.Nxd4 O-O 14.a3 Rd8 15.Bg5 h6
16.Nxe6 fxe6 17.Bxe6+ Kh8 18.Bxf6 Nxf6 19.e5 Bxe5 20.Rxd8+ Qxd8 21.Qxe5 Qb6
22.Bf7 Rd8 23.Bg6 Nd7 24.Qg3 Ne5 25.Bf5 Nc4 26.b3 Nxa3 27.Rd1 Rxd1+ 28.Nxd1
Bd5 29.Ne3 Bg8 30.Ng4 Bh7 31.Qe5 Bxf5 32.Qxf5 b4 33.Ne5 Qc7 34.Ng6+ Kg8
35.Qf8+ Kh7 36.Ne7 Qc1+ 37.Kh2 h5 38.f4 Qc2 39.Qf7 {#r} 1-0

[Event "It"]
[Site "masterchessopen.com Bad Liebenstein (Germany)"]
[Round "15"]
[White "Uhlmann Wolfgang (GER)"]
[Black "Balcerowski Witold (POL)"]
[Result "1-0"]
[WhiteElo "2379"]
[BlackElo "2184"]

1.d4 d5 2.c4 dxc4 3.Nf3 Nf6 4.e3 e6 5.Bxc4 c5 6.O-O a6 7.Qe2 b5 8.Bb3 Bb7 9.a4
Nbd7 10.axb5 axb5 11.Rxa8 Qxa8 12.Nc3 b4 13.Nb5 Qb8 14.e4 cxd4 15.Nbxd4 Bd6
16.Bxe6 fxe6 17.Nxe6 Ne5 18.Nxe5 Bxe5 19.f4 Qa7+ 20.Be3 Ba6 21.Ra1 Bxe2
22.Rxa7 Bxb2 23.Nxg7+ Kd8 24.Ra8+ Kd7 25.Rxh8 Nxe4 26.Rxh7 Nf6 27.Rh3 Bc3
28.Bc5 Nd5 29.Rxc3 bxc3 30.Kf2 c2 31.Ba3 Bd3 32.f5 Kc6 33.g4 Kb5 34.g5 Kc4
35.f6 Bg6 36.Ne6 Nb4 37.Nf4 Bf7 38.Bc1 Na2 39.Be3 Nc3 40.Kf3 Nd5 41.Bc1 {#r}
1-0

[Event "Cup Clare Benedict"]
[Site "masterchessopen.com Lucerne (Switzerland)"]
[Round "0"]
[White "Darga Klaus (GER)"]
[Black "Clarke Peter H (ENG)"]
[Result "1-0"]
[WhiteElo "2453"]
[BlackElo "2300"]

1.d4 d5 2.c4 dxc4 3.Nf3 Nf6 4.e3 e6 5.Bxc4 c5 6.O-O a6 7.Qe2 b5 8.Bb3 Bb7 9.a4
Nbd7 10.axb5 axb5 11.Rxa8 Qxa8 12.Nc3 b4 13.Nb5 Qb8 14.e4 cxd4 15.Nfxd4 Nc5
16.e5 Nfd7 17.Bf4 Be7 18.Nf5 Nxb3 19.Nfd6+ Bxd6 20.Nxd6+ Ke7 21.Qh5 Rf8
22.Qg5+ f6 23.Qxg7+ Kd8 24.exf6 Rxf6 25.Nxb7+ Qxb7 26.Bg5 Qd5 27.Bxf6+ Nxf6
28.Qxf6+ {#r} 1-0

[Event "Ch URS (team)"]
[Site "masterchessopen.com Moscow (Russia)"]
[Round "0"]
[White "Spassky Boris V (FRA)"]
[Black "Suetin Alexei S (RUS)"]
[Result "0-1"]
[WhiteElo "2548"]
[BlackElo "2327"]

1.d4 d5 2.c4 dxc4 3.Nf3 Nf6 4.e3 e6 5.Bxc4 c5 6.O-O a6 7.Qe2 b5 8.Bb3 Bb7
9.Rd1 Nbd7 10.Nc3 Qc7 11.e4 cxd4 12.e5 dxc3 13.exf6 Nxf6 14.Ne5 Bc5 15.Bf4 Qb6
16.Nxf7 O-O 17.Ng5 cxb2 18.Rab1 Rae8 19.Rxb2 Qc6 20.Nf3 Ne4 21.Bg3 Nc3 22.Qd3
Nxd1 23.Qxd1 Rd8 24.Qe2 Qe4 25.Bxe6+ Kh8 26.h4 Qxe2 27.Rxe2 Bxf3 28.gxf3 Rxf3
29.Kg2 Rff8 30.f4 Bd6 31.Kf3 Rde8 32.Re4 Rf6 33.Bb3 Rxe4 34.Kxe4 {#R} 0-1

[Event "Ch Hungary"]
[Site "masterchessopen.com Budapest (Hungary)"]
[Round "0"]
[White "Barczay Laszlo (HUN)"]
[Black "Portisch Ferenc (HUN)"]
[Result "1-0"]
[WhiteElo "2381"]
[BlackElo "2342"]

1.d4 d5 2.Nf3 Nf6 3.c4 dxc4 4.e3 e6 5.Bxc4 c5 6.O-O a6 7.Qe2 b5 8.Bb3 Bb7
9.Nc3 Nbd7 10.Rd1 Qb8 11.e4 cxd4 12.Nd5 Bd6 13.Nxf6+ Nxf6 14.Bc2 e5 15.Nxd4
exd4 16.e5 Bxe5 17.f4 O-O 18.fxe5 Re8 19.Bf4 Nd5 20.Bg3 Ne3 21.Rxd4 Nxc2
22.Qxc2 Qc8 23.Qd2 Qc5 24.b4 Qb6 25.Kh1 Rac8 26.Rf1 Rc2 27.Qxc2 Qxd4 28.h3 Rc8
29.Qf5 Qd5 30.Rf2 Qe6 31.Qh5 Bd5 32.Kh2 Rc3 33.Rd2 Rc8 34.Qd1 Bc6 35.Rd6 Qe8
36.Qd4 Ba8 37.e6 f6 38.Qd3 h5 39.Qf5 Rd8 40.Rd7 {#r} 1-0

[Event "It"]
[Site "masterchessopen.com Hastings (England)"]
[Round "9"]
[White "Uhlmann Wolfgang (GER)"]
[Black "Gheorghiu Florin (ROM)"]
[Result "1-0"]
[WhiteElo "2379"]
[BlackElo "2383"]

1.d4 d5 2.c4 dxc4 3.Nf3 Nf6 4.e3 e6 5.Bxc4 c5 6.O-O a6 7.Qe2 b5 8.Bb3 Bb7 9.a4
Nbd7 10.axb5 axb5 11.Rxa8 Qxa8 12.Nc3 b4 13.Nb5 Qb8 14.e4 cxd4 15.Nfxd4 Nc5
16.e5 Nfd7 17.Bf4 Be7 18.Bc2 O-O 19.Re1 Rd8 20.Qg4 Nf8 21.h4 Ng6 22.Bg3 Rd5
23.Re3 Nxe5 24.Qh5 f5 25.Nxe6 g6 26.Qe2 Ba6 27.Nxc5 Qxb5 28.Nxa6 {#r} 1-0

[Event "Tournament"]
[Site "masterchessopen.com Sochi (Russia)"]
[Round "0"]
[White "Ruderfer Mark B (RUS)"]
[Black "Novopashin Arkady (RUS)"]
[Result "0-1"]
[WhiteElo "2290"]
[BlackElo "2387"]

1.d4 d5 2.c4 dxc4 3.Nf3 Nf6 4.e3 c5 5.Bxc4 e6 6.O-O a6 7.Qe2 b5 8.Bb3 Bb7 9.a4
Nbd7 10.Rd1 Be7 11.dxc5 b4 12.c6 Bxc6 13.Ne5 Qc7 14.Nxc6 Qxc6 15.Nd2 O-O
16.Nf3 Nc5 17.Nd4 Qb7 18.Bc4 Nfe4 19.Nb3 Nxb3 20.Bxb3 Bf6 21.a5 Rfd8 22.Rxd8+
Rxd8 23.Bc4 Qd7 24.Bxa6 Nc5 25.g3 Nb3 26.Rb1 Qc6 27.Bd3 Nxc1 28.Qc2 Qxc2
29.Bxc2 Nd3 30.a6 Nc5 31.Ra1 Ra8 32.Ra5 Be7 33.a7 f5 34.Bd1 Kf7 35.g4 g6
36.gxf5 exf5 37.e4 fxe4 38.f3 Nb7 39.Bb3+ Kf8 {#R} 0-1

[Event "Tournament"]
[Site "masterchessopen.com Leningrad (Russia)"]
[Round "0"]
[White "Osnos Viatcheslav (RUS)"]
[Black "Novopashin Arkady (RUS)"]
[Result "0-1"]
[WhiteElo "2384"]
[BlackElo "2387"]

1.d4 d5 2.Nf3 Nf6 3.c4 dxc4 4.e3 c5 5.Bxc4 e6 6.O-O a6 7.Qe2 b5 8.Bb3 Bb7
9.Nc3 Nbd7 10.Rd1 Qb8 11.d5 Nxd5 12.Bxd5 Bxd5 13.Nxd5 exd5 14.Rxd5 Be7 15.e4
Qb7 16.Bg5 f6 17.Bf4 O-O 18.Rad1 Nb6 19.R5d2 Rae8 20.Nh4 g6 21.Bh6 Rf7 22.Qg4
Qc8 23.Qg3 Kh8 24.h3 Nc4 25.Rd7 Ne5 26.R7d5 c4 27.f4 Nd3 28.Rd2 Rg8 29.Kh2 Qe6
30.Qf3 Qc6 31.f5 Qc7+ 32.Kh1 Bb4 33.fxg6 hxg6 34.Nxg6+ Rxg6 35.Qh5 Rxh6
36.Qxh6+ Kg8 37.Rh5 Rg7 38.Re2 Qf4 39.Qxf4 Nxf4 {#R} 0-1

[Event "Ch BRD (team)"]
[Site "masterchessopen.com Germany"]
[Round "2"]
[White "Gerusel Mathias (GER)"]
[Black "Bialas Wolfram (GER)"]
[Result "1-0"]
[WhiteElo "2239"]
[BlackElo "2325"]

1.d4 d5 2.c4 dxc4 3.Nf3 Nf6 4.e3 e6 5.Bxc4 c5 6.O-O a6 7.Qe2 b5 8.Bb3 Bb7
9.Rd1 Nbd7 10.Nc3 Qc7 11.e4 cxd4 12.Nxd4 b4 13.Nd5 exd5 14.exd5+ Qe5 15.Qxe5+
Nxe5 16.Re1 Ng4 17.h3 Bc5 18.hxg4 Bxd4 19.Re4 a5 20.Ba4+ Ke7 21.Rxd4 Rhd8
22.Bf4 f6 23.Rad1 Kd6 24.g5 Rac8 25.Bg3 Rc5 26.Bb3 Rf8 27.Rh4 Rc7 28.Rxh7 fxg5
29.Re1 Re8 30.Rh5 Bxd5 31.Rxe5 Rxe5 32.Rxg5 Re7 33.Bxd5 Kxd5 34.Bxe5 Rxe5
35.Rxg7 Kc4 36.Kf1 Kd3 37.Rc7 Rh5 38.g4 Rg5 39.f3 Ke3 40.Kg2 Rd5 41.Rc2 {#r}
1-0

[Event "It (b)"]
[Site "masterchessopen.com Monaco"]
[Round "3"]
[White "Gerusel Mathias (GER)"]
[Black "Todorcevic Miodrag (ESP)"]
[Result "1-0"]
[WhiteElo "2239"]
[BlackElo "2420"]

1.d4 d5 2.c4 dxc4 3.Nf3 Nf6 4.e3 e6 5.Bxc4 c5 6.O-O a6 7.Qe2 b5 8.Bb3 Bb7
9.Rd1 Nbd7 10.Nc3 Qb8 11.d5 c4 12.dxe6 fxe6 13.Bc2 Bd6 14.e4 O-O 15.h3 Bf4
16.Ng5 Nc5 17.Be3 Bxe3 18.Qxe3 Nd3 19.Bxd3 cxd3 20.a3 Qe8 21.Rxd3 h6 22.Qb6
hxg5 23.Qxb7 Nh5 24.Qc7 Nf4 25.Rg3 Rf7 26.Qe5 a5 27.Kh2 b4 28.Nb5 Qb8 29.Nd6
Rd7 30.Rd1 Ra6 31.Rxg5 Ne2 32.Qxe6+ {#r} 1-0

[Event "Ch Great Britain"]
[Site "masterchessopen.com Rhyl (England)"]
[Round "11"]
[White "Hempson Peter W (ENG)"]
[Black "Clarke Peter H (ENG)"]
[Result "0-1"]
[WhiteElo "2085"]
[BlackElo "2300"]

1.d4 d5 2.c4 dxc4 3.Nf3 Nf6 4.e3 e6 5.Bxc4 c5 6.O-O a6 7.Qe2 b5 8.Bb3 Bb7 9.a4
Nbd7 10.Nbd2 Qb6 11.Bc2 Be7 12.axb5 axb5 13.Rxa8+ Bxa8 14.dxc5 Nxc5 15.Nd4 b4
16.Nc4 Qb7 17.f3 O-O 18.e4 b3 19.Bd1 Rc8 20.Be3 Nfd7 21.Na5 Qb4 22.Ndxb3 Nxb3
23.Nxb3 Bf6 24.Qd3 Ne5 25.Qd2 Qb8 26.Na5 Rd8 27.Qc2 Rc8 28.Qb1 Qb4 29.Qa2 Bd8
30.Nb3 Bb6 31.Bxb6 Qxb6+ 32.Kh1 Nd3 33.g3 Nf2+ 34.Kg2 Nxd1 35.Rxd1 Qe3 36.Nd4
e5 37.Qa6 Rb8 38.Ne2 f5 39.Qc4+ Kh8 40.b4 fxe4 41.Ng1 exf3+ 42.Kf1 f2 43.Nh3
Rf8 {#R} 0-1

[Event "Ch World (team) (under 26) (final B)"]
[Site "masterchessopen.com Dresden (Germany)"]
[Date "1969.08.10"]
[Round "3"]
[White "Farago Ivan (HUN)"]
[Black "Acosta Mariano (ARG)"]
[Result "1-0"]
[WhiteElo "2488"]
[BlackElo "2000"]

1.d4 d5 2.c4 dxc4 3.Nf3 Nf6 4.e3 e6 5.Bxc4 c5 6.O-O a6 7.Qe2 b5 8.Bb3 Bb7 9.a4
Nbd7 10.axb5 axb5 11.Rxa8 Qxa8 12.Nc3 b4 13.Nb5 Qa5 14.e4 Be7 15.e5 Nd5 16.Bg5
Ba6 17.Bc4 O-O 18.Bxe7 Nxe7 19.Rd1 Nb6 20.Bd3 Bxb5 21.Bxb5 cxd4 22.Nxd4 Nbd5
23.g3 Qc7 24.Bd3 Ng6 25.Nf3 Rc8 26.h4 Nf8 27.Be4 Qc5 28.Nd4 Nb6 29.Kh2 Nfd7
30.f4 Nc4 31.Nxe6 fxe6 32.Rxd7 Ne3 33.Bxh7+ Kf8 34.Be4 g6 35.h5 Ng4+ 36.Qxg4
Qf2+ 37.Bg2 Rc2 38.Rd8+ Ke7 39.Qg5+ {#r} 1-0

[Event "It (open)"]
[Site "masterchessopen.com Sandomier (Poland)"]
[Round "11"]
[White "Savic Andreja (SRB)"]
[Black "Bernard Ryszard (POL)"]
[Result "0-1"]
[WhiteElo "2091"]
[BlackElo "2360"]

1.d4 d5 2.c4 dxc4 3.Nf3 Nf6 4.e3 e6 5.Bxc4 c5 6.O-O a6 7.Qe2 b5 8.Bb3 Bb7
9.Rd1 Nbd7 10.a4 c4 11.Bc2 Be7 12.e4 O-O 13.Nbd2 Qc7 14.e5 Nd5 15.Ne4 Rfc8
16.Nfg5 h6 17.Qh5 Bxg5 18.Nxg5 Nf8 19.Nxf7 Qxf7 20.Qg4 c3 21.bxc3 Nxc3 22.Ra3
Nxd1 23.Qxd1 Rxc2 {#R} 0-1

[Event "It"]
[Site "masterchessopen.com Odzaci (Yugoslavia)"]
[Round "8"]
[White "Portisch Ferenc (HUN)"]
[Black "Cobo Arteaga Eldis (CUB)"]
[Result "1-0"]
[WhiteElo "2450"]
[BlackElo "2345"]

1.d4 d5 2.c4 dxc4 3.Nf3 Nf6 4.e3 c5 5.Bxc4 e6 6.O-O a6 7.Qe2 b5 8.Bb3 Bb7 9.a4
b4 10.Nbd2 cxd4 11.Nxd4 Be7 12.N2f3 O-O 13.Rd1 Qc7 14.Bd2 Nc6 15.Rac1 Qb6
16.Nxc6 Bxc6 17.Ne5 Bb7 18.Nc4 Qc5 19.Be1 Bd5 20.f3 Rfd8 21.Bf2 Bxc4 22.Rxc4
Rxd1+ 23.Qxd1 Qe5 24.Qc1 Nd5 25.f4 Qd6 26.Rc6 Qd7 27.Qc4 a5 28.f5 Bf6 29.fxe6
fxe6 30.Rxe6 Rd8 31.Rxf6 gxf6 32.e4 Kf8 33.exd5 Qf5 34.Bd4 {#r} 1-0

[Event "Ch Netherlands"]
[Site "masterchessopen.com Leeuwarden (Netherlands)"]
[Round "0"]
[White "Timman Jan H (NED)"]
[Black "Van Der Sterren Paul (NED)"]
[Result "0-1"]
[WhiteElo "2600"]
[BlackElo "2410"]

1.d4 d5 2.c4 dxc4 3.Nf3 Nf6 4.e3 e6 5.Bxc4 c5 6.O-O a6 7.Qe2 b5 8.Bb3 Bb7
9.Rd1 Nbd7 10.Nc3 Qb8 11.d5 Nxd5 12.Nxd5 Bxd5 13.Bxd5 exd5 14.Rxd5 Be7 15.e4
Qc7 16.b3 O-O 17.Bb2 Rfe8 18.Rc1 Rad8 19.Nd4 g6 20.Qf3 Bf8 21.Ne2 Ne5 22.Rxe5
Rxe5 23.Qf6 Qd7 24.h4 Bg7 25.Qf3 Ree8 26.Bxg7 Kxg7 27.Rxc5 Qd1+ 28.Kh2 Qd6+
{#R} 0-1

[Event "Ch Austria"]
[Site "masterchessopen.com Austria"]
[Round "10"]
[White "Danner Georg (AUT)"]
[Black "Zoebisch Herbert (AUT)"]
[Result "1-0"]
[WhiteElo "2410"]
[BlackElo "2149"]

1.d4 d5 2.c4 dxc4 3.Nf3 Nf6 4.e3 e6 5.Bxc4 c5 6.O-O a6 7.Qe2 b5 8.Bb3 Bb7
9.Rd1 Nbd7 10.Nc3 Qb8 11.d5 Nxd5 12.Nxd5 exd5 13.e4 d4 14.e5 c4 15.e6 fxe6
16.Rxd4 Be7 17.Bc2 Nf6 18.Bg5 Qc8 19.Ne5 g6 20.Rad1 O-O 21.Bxg6 hxg6 22.Nxg6
{#r} 1-0

[Event "Ch Austria (team) (play-off)"]
[Site "masterchessopen.com Austria"]
[Round "0"]
[White "Ruzicka Frantisek (CZE)"]
[Black "Zoebisch Herbert (AUT)"]
[Result "0-1"]
[WhiteElo "2163"]
[BlackElo "2149"]

1.d4 d5 2.c4 dxc4 3.Nf3 Nf6 4.e3 e6 5.Bxc4 c5 6.O-O a6 7.Qe2 b5 8.Bb3 Bb7
9.Rd1 Nbd7 10.e4 cxd4 11.Nxd4 Qb8 12.Nc3 Bd6 13.e5 Bxe5 14.Nxe6 fxe6 15.f4
Bxc3 16.Bxe6 Kd8 17.Qd3 Qc7 18.Qxc3 Qxc3 19.bxc3 Kc7 20.f5 Bc6 21.Bf4+ Kb7
22.Rd6 Nc5 23.c4 Rad8 24.cxb5 axb5 25.Rad1 Rxd6 26.Rxd6 Re8 27.Be5 Nfe4 28.Rd4
Nxe6 29.fxe6 g6 30.Bf4 g5 31.Bg3 Rxe6 32.Rd8 Nxg3 33.hxg3 Re2 {#R} 0-1

[Event "It"]
[Site "masterchessopen.com Hastings (England)"]
[Round "4"]
[White "Ree Hans (NED)"]
[Black "Littlewood Paul E (ENG)"]
[Result "0-1"]
[WhiteElo "2490"]
[BlackElo "2465"]

1.d4 d5 2.c4 dxc4 3.Nf3 Nf6 4.e3 e6 5.Bxc4 c5 6.O-O a6 7.Qe2 b5 8.Bb3 Bb7
9.Nc3 Be7 10.Rd1 O-O 11.dxc5 Qc7 12.e4 b4 13.Na4 Nxe4 14.Be3 Nc6 15.Rac1 Rad8
16.Qc4 Nf6 17.Bf4 e5 18.Be3 e4 19.Nd4 Ng4 20.g3 Nge5 {#R} 0-1